000 00269nam a2200109Ia 4500
005 20251222144709.0
008 251222s9999||||xx |||||||||||||| ||spa||
082 _a610.734/T34
245 0 _aManual de Primeros Auxilios a su Servicio
264 _bTelefarma
942 _cLIB
999 _c17750
_d17750